000 nam a22 7a 4500
999 _c55020
_d55020
003 OSt
005 20220808144430.0
008 220808b xxu||||| |||| 00| 0 eng d
040 _cIIMT UNIVERSITY MEERUT
100 _aTREMBLEY, SOOENSON
245 _aAN INTRODUCTION TO DATA STR WITH APPL
260 _bTMH
300 _a861
942 _2ddc
_c09